Readingsw in 1 Kings (Record no. 12879)

MARC details
000 -LEADER
fixed length control field 00726nam a2200241 a 4500
020 ## - INTERNATIONAL STANDARD BOOK NUMBER
ISBN 0802803
082 00 - DEWEY DECIMAL CLASSIFICATION NUMBER
Classification number 222.5
Author Cutter WAL
100 ## - MAIN ENTRY--AUTHOR NAME
Author name Wallace, Ronald S
245 ## - TITLE STATEMENT
Title Readingsw in 1 Kings
Sub title an Introduction Arranged for Personal & Group Bible S
260 ## - PUBLICATION, DISTRIBUTION, ETC. (IMPRINT)
Place of publication Michigan
Name of publisher William B.Eerdmans Pub
Year of publication 1995
300 ## - PHYSICAL DESCRIPTION
Number of Pages 174p
500 ## - GENERAL NOTE
General note includes index and biblioraphy
505 2# - FORMATTED CONTENTS NOTE
Formatted contents note Index of author/New studies in Biblical Theology No.3, Series editor:D.A Carson
650 ## - SUBJECT ADDED ENTRY--TOPICAL TERM
Topical Term Bible O.T. King 1st
942 ## - ADDED ENTRY ELEMENTS (KOHA)
Koha item type Books
700 1# -
-- Wallace, Ronald S
Holdings
Collection code Home library Current library Date acquired Cost, normal purchase price Full call number Accession Number Koha item type
  Henry Martyn Institute Library Henry Martyn Institute Library 06/18/2007 245.00 222.5 WAL 019623 Books
                   Copyright © 2026 | Henry Martyn Institute | Hyderabad | TS-500052 | INDIA | Implemented by hmi.edu.in
Hit-Count:

Powered by Koha